| 000 | 01481nam a2200301 a 4500 | ||
|---|---|---|---|
| 999 |
_c372611 _d372611 |
||
| 003 | BLK | ||
| 005 | 20250417165732.0 | ||
| 008 | 200702b bu ||||| |||| 00| 0 bu d | ||
| 020 | _a9789544748579 | ||
| 040 | _aBLK | ||
| 041 |
_aBUL _cBUL |
||
| 080 |
_aЕмоции, чувства, преживявания. Емпатия _b159.942 _z159.942 |
||
| 080 |
_aИндивидуална етика. Морално съзнание. Задължения на човека към самия себе си. Поведение на отделен човек _b171 _x.02 _z171.02 |
||
| 100 |
_aСимоне, Алберто _eпърви автор _91299 |
||
| 139 |
_aСимоне, Алберто _bС 37 |
||
| 245 |
_aЩастието на нощното шкафче _bмалки тайни, за да живеем всеки ден по-добре _cАлберто Симоне ; прев. от итал. Вера Петрова |
||
| 260 |
_9209528 _aСофия _bКибеа _c2018 _f([София] : Ифо дизайн) |
||
| 300 |
_a152 с. _c18 см |
||
| 380 | _a1 | ||
| 500 | _aОриг. загл.: La felicità sul comodino / Alberto Simone За авт.: с. 2. | ||
| 650 | 7 |
_9177943 _aЩастие |
|
| 700 |
_9342056 _aПетрова, Вера Върбанова _eпрев. от итал. |
||
| 852 |
_bП _c159.9/С 37А |
||
| 852 |
_aЦб І 39114 _bЦб |
||
| 942 |
_2udc _cKNG _n0 _s1 _020 |
||
| 944 |
_aCR _c2020-07-02 _k30576 _lЦветомила Тодорова |
||
| 999 | _d372611 | ||